000 00775nam a2200241Ia 4500
003 OSt
005 20220930194333.0
006 a|||||r|||| 00| 0
007 ta
008 220926b |||||||| |||| 00| 0 eng d
024 _a12665
037 _cDissertations
040 _aCRL
_cCRL
_beng
041 _2eng
_aeng
100 _aSharma Usha
110 _aUniversity of Delhi. Faculty of Arts. Department of Psychology
_9169788
245 0 _aVisual-motor development and intelectural development in young children and the relationship of theses to school achivement
260 _c1972
650 _aPSYCHOLOGY
700 _aUniversity of Delhi. Faculty of Arts. Department of Psychology
_9169789
942 _cDIS
_2CC
999 _c897608
_d897608